<?xml version="1.0" encoding="UTF-8"?>
<record
    xmlns:xsi="http://www.w3.org/2001/XMLSchema-instance"
    xsi:schemaLocation="http://www.loc.gov/MARC21/slim http://www.loc.gov/standards/marcxml/schema/MARC21slim.xsd"
    xmlns="http://www.loc.gov/MARC21/slim">

  <leader>00707nam a22002177a 4500</leader>
  <controlfield tag="003">SEM</controlfield>
  <controlfield tag="005">20220608073115.0</controlfield>
  <controlfield tag="008">160129b        xxu||||| |||| 00| 0 eng d</controlfield>
  <datafield tag="020" ind1=" " ind2=" ">
    <subfield code="a">9786051462622</subfield>
  </datafield>
  <datafield tag="040" ind1=" " ind2=" ">
    <subfield code="a"> &#x54D;&#x537;&#x544;</subfield>
    <subfield code="c"> &#x54D;&#x537;&#x544;</subfield>
  </datafield>
  <datafield tag="041" ind1=" " ind2=" ">
    <subfield code="a">tr.</subfield>
  </datafield>
  <datafield tag="100" ind1=" " ind2=" ">
    <subfield code="a">Elbeyo&#x11F;lu Ali</subfield>
    <subfield code="c">avukat</subfield>
    <subfield code="q"> (Elbeyoglu Ali)</subfield>
  </datafield>
  <datafield tag="245" ind1=" " ind2=" ">
    <subfield code="a">Osmanl&#x131;'dan g&#xFC;n&#xFC;m&#xFC;ze tapu. </subfield>
    <subfield code="b">Emval-i Metruke / </subfield>
    <subfield code="c">A. Elbeyo&#x11F;lu; </subfield>
  </datafield>
  <datafield tag="250" ind1=" " ind2=" ">
    <subfield code="a">Birici bask&#x131;</subfield>
  </datafield>
  <datafield tag="260" ind1=" " ind2=" ">
    <subfield code="a">Ankara: </subfield>
    <subfield code="b">Adalet yay&#x131;nevi, </subfield>
    <subfield code="c">2014.</subfield>
  </datafield>
  <datafield tag="300" ind1=" " ind2=" ">
    <subfield code="a">xi+169 p.; </subfield>
    <subfield code="b">ill., </subfield>
    <subfield code="c">23,5 cm.</subfield>
  </datafield>
  <datafield tag="440" ind1=" " ind2=" ">
    <subfield code="a">Hukuk yay&#x131;nlari dizisi - </subfield>
    <subfield code="n">1300.</subfield>
  </datafield>
  <datafield tag="650" ind1=" " ind2=" ">
    <subfield code="a">Hukuk</subfield>
    <subfield code="z">Osmanl&#x131; &#x130;mparatorlu&#x11F;u</subfield>
    <subfield code="z">T&#xFC;rkiye</subfield>
  </datafield>
  <datafield tag="650" ind1=" " ind2=" ">
    <subfield code="a">M&#xFC;lkiyet hakk&#x131;</subfield>
    <subfield code="z">Osmanl&#x131; &#x130;mparatorlu&#x11F;u</subfield>
    <subfield code="z">T&#xFC;rkiye</subfield>
  </datafield>
  <datafield tag="942" ind1=" " ind2=" ">
    <subfield code="2">udc</subfield>
    <subfield code="c">BK</subfield>
  </datafield>
  <datafield tag="999" ind1=" " ind2=" ">
    <subfield code="c">64133</subfield>
    <subfield code="d">64133</subfield>
  </datafield>
  <datafield tag="952" ind1=" " ind2=" ">
    <subfield code="0">0</subfield>
    <subfield code="1">0</subfield>
    <subfield code="2">udc</subfield>
    <subfield code="4">0</subfield>
    <subfield code="7">0</subfield>
    <subfield code="8">&#x533;&#x580;&#x561;&#x57A;&#x561;&#x570;&#x578;&#x581;</subfield>
    <subfield code="a">SEM</subfield>
    <subfield code="b">SEM</subfield>
    <subfield code="d">2016-01-29</subfield>
    <subfield code="i">Turk-83</subfield>
    <subfield code="l">0</subfield>
    <subfield code="o">347.218.31(56.0)/E-43</subfield>
    <subfield code="p">Turk-83</subfield>
    <subfield code="r">2016-01-29</subfield>
    <subfield code="w">2016-01-29</subfield>
    <subfield code="y">BK</subfield>
    <subfield code="z">&#x57D;&#x57A;&#x561;&#x57D;&#x561;&#x580;&#x56F;&#x57E;&#x578;&#x582;&#x574; &#x567; &#x568;&#x576;&#x569;&#x565;&#x580;&#x581;&#x561;&#x57D;&#x580;&#x561;&#x570;</subfield>
  </datafield>
</record>
